header

Set theory and its logic (Record no. 57073)

MARC details
000 -LEADER
fixed length control field 01158nam a2200313Ia 4500
100 1# - MAIN ENTRY--AUTHOR NAME
Personal name Quine, W. V.
245 10 - TITLE STATEMENT
Title Set theory and its logic
250 ## - EDITION STATEMENT
Edition statement Rev. ed.
260 ## - PUBLICATION, DISTRIBUTION, ETC. (IMPRINT)
Place of publication Cambridge :
Name of publisher Belknap Press of Harvard University Press,
Year of publication [1969]
300 ## - PHYSICAL DESCRIPTION
Number of Pages xvii, 361 p.
650 #0 - SUBJECT ADDED ENTRY--TOPICAL TERM
Topical Term Axiomatic set theory.
Topical Term Logic, Symbolic and mathematical.
856 40 - ELECTRONIC LOCATION AND ACCESS
Uniform Resource Identifier http://site.ebrary.com/lib/rucke/Doc?id=10314191

No items available.

© 2026 Rongo University
Contact us: librarian | system librarian | Rongo university